[Event "Secondario 15th"]
[Site "Caorle"]
[Date "1990.07.12"]
[Round "6.46"]
[White "Acketa, Tihomir"]
[Black "De Benassuti, Roberto"]
[Result "1-0"]
[WhiteElo "2000"]
[BlackElo "1800"]
[PlyCount "93"]
[EventDate "1990.07.07"]
[EventType "swiss"]
[EventRounds "8"]
[EventCountry "ITA"]
[SourceTitle "EXT 2023"]
[Source "ChessBase"]
[SourceDate "2022.10.05"]
[SourceVersion "1"]
[SourceVersionDate "2022.10.05"]
[SourceQuality "1"]

1. e4 Nf6 2. Nc3 d5 3. e5 d4 4. Nce2 Ne4 5. d3 Nc5 6. Nf3 Nc6 7. h3 Bf5 8. Ng3 Bg6 9. b3 Qd7 10. Bb2 0-0-0 11. Qd2 e6 12. Be2 Nxd3+ 13. Bxd3 Bb4 14. c3 dxc3 15. Bxc3 Bxc3 16. Qxc3 Qxd3 17. Qxd3 Rxd3 18. 0-0 Rhd8 19. Ne2 R3d5 20. Nf4 Ra5 21. Nxg6 hxg6 22. Rfe1 Rdd5 23. Ng5 Nxe5 24. h4 Kd7 25. a4 Rac5 26. Re2 Ke7 27. Ne4 Rc6 28. b4 Rc4 29. Rb1 Rcd4 30. Ng3 c6 31. b5 Rc5 32. bxc6 bxc6 33. Ne4 Ra5 34. Nc3 Ng4 35. Rb7+ Rd7 36. Reb2 Rxb7 37. Rxb7+ Kd6 38. Rxf7 Ne5 39. Rxg7 Kc5 40. f4 Nd3 41. Rxg6 Nxf4 42. Rg5+ Nd5 43. h5 Kc4 44. Nxd5 cxd5 45. h6 d4 46. Rxa5 d3 47. Rxa7 1-0

[Event "Secondario 15th"]
[Site "Caorle"]
[Date "1990.07.11"]
[Round "5.47"]
[White "De Benassuti, Roberto"]
[Black "Di Martino, Antonio"]
[Result "1/2-1/2"]
[WhiteElo "1800"]
[BlackElo "1800"]
[PlyCount "126"]
[EventDate "1990.07.07"]
[EventType "swiss"]
[EventRounds "8"]
[EventCountry "ITA"]
[SourceTitle "EXT 2023"]
[Source "ChessBase"]
[SourceDate "2022.10.05"]
[SourceVersion "1"]
[SourceVersionDate "2022.10.05"]
[SourceQuality "1"]

1. d4 d5 2. c4 e6 3. Nc3 Nf6 4. Bg5 Be7 5. e3 0-0 6. Nf3 Nbd7 7. Bd3 dxc4 8. Bxc4 c6 9. 0-0 Nd5 10. Bxe7 Qxe7 11. e4 Nxc3 12. bxc3 Nf6 13. Re1 Rd8 14. Qc2 h6 15. Rad1 b6 16. Bb3 Bb7 17. Ne5 Nd7 18. Ng4 Qg5 19. Qe2 h5 20. Ne3 Nf6 21. Qf3 Rd7 22. Nc4 c5 23. Bc2 cxd4 24. Rxd4 Rad8 25. Red1 Qc5 26. Rxd7 Rxd7 27. Rxd7 Nxd7 28. Qd3 Qc6 29. Nd6 Nc5 30. Qd4 Ba8 31. f3 g6 32. e5 a5 33. Qf4 Qd7 34. Qf6 Nb7 35. Ba4 Qc7 36. Ne8 Qc5+ 37. Kh1 Qf8 38. h3 Nc5 39. Bb5 Bd5 40. a4 Bb7 41. Qd8 Ba6 42. Bxa6 Nxa6 43. Nf6+ Kg7 44. Qxb6 Qc8 45. Qb5 Nb4 46. c4 Qd8 47. Ne8+ Kh7 48. Nd6 Qg5 49. Ne4 Qc1+ 50. Kh2 Qf4+ 51. g3 Qe3 52. c5 Nd3 53. Qb3 Qe2+ 54. Kg1 Ne1 55. Nf2 Nxf3+ 56. Kg2 Nxe5 57. Qc3 Nc4 58. Qf6 Kg8 59. c6 Ne3+ 60. Kh2 Nd5 61. Qd4 Qc2 62. c7 Qxc7 63. h4 Qc3 1/2-1/2

[Event "Secondario 15th"]
[Site "Caorle"]
[Date "1990.07.09"]
[Round "3.30"]
[White "De Benassuti, Roberto"]
[Black "Piva, Giorgio"]
[Result "0-1"]
[WhiteElo "1800"]
[BlackElo "1990"]
[PlyCount "116"]
[EventDate "1990.07.07"]
[EventType "swiss"]
[EventRounds "8"]
[EventCountry "ITA"]
[SourceTitle "EXT 2023"]
[Source "ChessBase"]
[SourceDate "2022.10.05"]
[SourceVersion "1"]
[SourceVersionDate "2022.10.05"]
[SourceQuality "1"]

1. d4 d5 2. c4 e6 3. Nf3 Nf6 4. Bg5 Be7 5. e3 h6 6. Bxf6 Bxf6 7. Nc3 0-0 8. Bd3 b6 9. Rc1 Bb7 10. cxd5 exd5 11. 0-0 Be7 12. Ne5 Nd7 13. Nxd7 Qxd7 14. Qh5 c6 15. Qf5 Qxf5 16. Bxf5 g6 17. Bg4 f5 18. Bf3 Bd6 19. h3 Rad8 20. a3 Bb8 21. b4 Kg7 22. g3 Rf7 23. h4 Bd6 24. Kg2 Ba6 25. Be2 Bc4 26. Bxc4 dxc4 27. Rfd1 Rfd7 28. Ne2 b5 29. Nf4 Bxf4 30. gxf4 a5 31. Kf3 axb4 32. axb4 Ra7 33. Ra1 Rxa1 34. Rxa1 Kf7 35. Ra7+ Ke6 36. Rg7 Kf6 37. Rc7 Rd6 38. Ke2 g5 39. fxg5+ hxg5 40. h5 g4 41. h6 Kg5 42. h7 Rh6 43. Rxc6 Rxh7 44. d5 Rh2 45. d6 Kf6 46. Rc5 g3 47. Rd5 g2 48. d7 Rh8 49. Rd1 Ke7 50. Kf3 Rg8 51. Rg1 Kxd7 52. Ke2 Ke6 53. f3 Ke5 54. Kd2 f4 55. Ke2 fxe3 56. Kxe3 Kf5 57. Kd4 Kf4 58. Kc5 Rg5+ 0-1